Moody's International manual : Vol.1 Algeria - Chile.
| Format: | Book |
|---|---|
| Published: |
New York:
Moody's Investors Service,
1996.
|
| Subjects: |
| LEADER | 00432cam a2200145 7i4500 | ||
|---|---|---|---|
| 001 | 0000005830 | ||
| 005 | 19991025090000.0 | ||
| 002 | ##000007473 | ||
| 020 | 0 | 0 | |a T000005810 |
| 090 | 0 | 0 | |a I 338.7 |b MOO |
| 245 | 0 | 0 | |a Moody's International manual : |b Vol.1 Algeria - Chile. |
| 260 | 0 | 0 | |a New York: |b Moody's Investors Service, |c 1996. |
| 300 | 0 | 0 | |a 2552 p.. |
| 650 | 0 | 0 | |a Business enterprises |
| 999 | |a 0000008814 |b Book |c Open shelf |e Business Information Centre | ||